• 首页
  • 本馆介绍
  • 公告通知
  • 最新文献
  • 馆藏检索
  • 电子资源
  • 读者导购
  • 参考咨询
  • 我的图书馆
  • 登录
  • 详细信息显示
  • 放入我的书架
  • 预约/预借图书
  • 作者相关作品
  • 分类相关作品
  • 丛书相关作品
  • 出版社相关作品

书目信息

  • 表格格式
  • 工作单格式
  • 卡片格式
题名:
电源与供电
    
 
作者: ;郭利文 译
分册:  
出版信息: 北京   北京航空航天大学出版社  2013
页数: 312页
开本: 24cm
丛书名: 嵌入式系统译丛
单 册:
中图分类: TM91 , TM72
科图分类:
主题词: 电源--研究 , 供电--研究 , 电源 , 供电
电子资源:
ISBN: 978-7-5124-1052-7
000 01377oam2 2200337 450
001 012015000711
005 20150914104427.19
010    @a978-7-5124-1052-7@dCNY49.00
100    @a20140204d2013 em y0chiy50 ea
101 1  @achi@ceng
102    @aCN@b110000
105    @aa z 000yy
106    @ar
200 1  @a电源与供电@Adian yuan yu gong dian@dPower sources and supplies@f(美)Marty Brown著@g郭利文译@zeng
210    @a北京@c北京航空航天大学出版社@d2013
215    @a312页@c图@d24cm
225 2  @a嵌入式系统译丛
305    @a由北京航空航天大学出版社与Elsevier(Singapore)Pte Ltd.合作出版
330    @a本书从线性稳压器设计入手,逐步介绍开关电源及相应的设计事项。从电源设计的基本概念到电源设计中的各个主要组件分别介绍,从线路到元件,从理论到实践,由浅入深、图文并茂地介绍了电源的设计与应用。内容包括:线性电源与开关电源的基本概念,DC—DC转换器的设计与磁性的基本概念,电源中的控制线路的设计,非隔离电路以及变压器隔离电路的基本概念、类型及其应用,各种不同的功率半导体以及各自的应用范围、优缺点等。
461  0 @12001 @a嵌入式系统译丛
510 1  @aPower sources and supplies@zeng
606 0  @a电源@x研究
606 0  @a供电@x研究
606 0  @a电源
606 0  @a供电
690    @aTM91@v5
690    @aTM72@v5
701  1 @c(美)@c(Brown, Marty)@4著
702  0 @a郭利文@Aguo li wen@4译
801  0 @aCN@b碧洲教育@c20150718
905    @a10447@f4@dTM91@e120
    
    电源与供电=Power sources and supplies/(美)Marty Brown著/郭利文译.-北京:北京航空航天大学出版社,2013
    312页:图;24cm.-(嵌入式系统译丛)
    
    
    ISBN 978-7-5124-1052-7:CNY49.00
    本书从线性稳压器设计入手,逐步介绍开关电源及相应的设计事项。从电源设计的基本概念到电源设计中的各个主要组件分别介绍,从线路到元件,从理论到实践,由浅入深、图文并茂地介绍了电源的设计与应用。内容包括:线性电源与开关电源的基本概念,DC—DC转换器的设计与磁性的基本概念,电源中的控制线路的设计,非隔离电路以及变压器隔离电路的基本概念、类型及其应用,各种不同的功率半导体以及各自的应用范围、优缺点等。
●
相关链接 在E读中查询图书 在五车中查询图书 在当当中查询图书 在豆瓣中查询图书


正题名:电源与供电     索取号:TM91/120         预约/预借

序号 登录号 条形码 馆藏地/架位号 状态 备注
1 0848344   208483443   第二样本阅览室/ [索取号:TM91/120] 在馆    
2 0848345   208483452   第三借阅区/ [索取号:TM91/120] 在馆    
3 0848346   208483461   密集书库-物理学院/ [索取号:TM91/120] 在馆    
4 0848347   208483470   密集书库-物理学院/ [索取号:TM91/120] 在馆    
唐山师范学院图书馆 欢迎您!
大连网信软件有限公司© 版权所有